000 00270nam a2200109Ia 4500
008 200302s9999 xx 000 0 und d
100 _aJonathan Bell
245 _a21St Century Houses
260 _bLaurence King Publishing Ltd, London
260 _c2006
300 _a256 P.,
999 _c4533
_d4533